| 000 | 00777nac a22002171u 4500 | ||
|---|---|---|---|
| 020 | _a8170080932 | ||
| 082 |
_a624.1821 _bPUN |
||
| 090 |
_c8399 _d8399 |
||
| 100 | _aPunmia, B. C. | ||
| 245 |
_aComprehensive design of steel structures/ _cB. C. Punmia, Ashok Kumar Jain and Arun Kumar Jain |
||
| 260 |
_aNew Delhi: _bLaxmi Pub., 1998 _c1998 |
||
| 300 |
_a1v.: _bill.; _c22 cm. |
||
| 500 | _adistributer: Al-Ahram | ||
| 511 | _acataloged by: wessam | ||
| 650 | _aBuilding, Iron and steel. | ||
| 650 | _aStructural stability | ||
| 700 | _aJain, ashok Kumar | ||
| 700 | _aJain, arun Kumar | ||
| 942 |
_cBB _k624.1821PUN |
||
| 999 |
_c8399 _d8399 |
||